MDQL
is popping MORE tags! Check the
thread
!
Quizzes
Events
Quiz Creation
Community
Videos
Private Events
Remove Ads
Sign In
Join for FREE
Feedback
Dark Mode
Quiz Categories
Sports
Geography
Music
Movies
Television
Just For Fun
Miscellaneous
History
Literature
Language
Science
Gaming
Entertainment
Religion
Holiday
For Kids
Quiz Lab
Recent
Popular Today
Quiz Kudos Today
Editor Picks
Curator Picks
Quizzes by...
Day
Popularity
Type
Ratings
Length
Year
Community
Subscriptions
Recent Discussions
Orange Saloon
Badges
Playlists
Quests
Create
Leaderboards
Showdown
Live 5
Trivia Bingo
Activity
Puzzle Library
Sporcle Events
Private Events
Virtual Trivia
Globe League
Become a Host
Pub Owners
SporcleCon
Opinionation
Our Games
Videos
Blog
Mobile Apps
Partnerships
Remove Ads and Go Orange
Feedback
Music
Pop Music
The Beatles
Song
Album
Lyrics
Bands
Singers
Artist
Clip
Rock
Rap
Classical
Billboard
Country Music
Kpop
Taylor Swift
Music
Pop Music
The Beatles
Song
Album
Lyrics
Bands
Singers
Artist
Clip
Rock
Rap
Classical
Billboard
Country Music
Kpop
Taylor Swift
Random Quiz
Search Sporcle
×
Quiz Lab
Quiz Lab
Music
Singers
Type in answers that appear in a list
Type in answers that appear in a list
Classic
Best Score? Go Orange.
Songs Within Songs Stats
Can you name the song titles which contain other song titles that have been replaced by the recording artist?
By
salifou
5m
30 Questions
107 Plays
107 Plays
107 Plays
Comments
Comments
Give Quiz Kudos
Give Quiz Kudos
-
- Ratings
hide this ad
More Info
Replay
Link that replays current quiz
Next Quiz
Link to next quiz in quiz playlist
You Got
0%
They Got
Avg Score
47%
Avg Friend Score
Upgrade to see
Score Distribution
Jump to the score distribution portion of the page
Score
0/30
Timer
05:00
0
Plays Today
Merged Song Title
Actual Song Title(s)
% Correct
Wanted Dead Or Pearl Jam
Wanted Dead Or Alive - Bon Jovi/Alive - Pearl Jam
93.5%
Stuck In Jimmy Eat World With You
Stuck In The Middle With You - Stealers Wheel/The Middle - Jimmy Eat World
82.2%
No John Lennon, No Cry
No Woman, No Cry - Bob Marley/Woman - John Lennon
75.7%
Big Coldplay Taxi
Big Yellow Taxi - Joni Mitchell/Yellow - Coldplay
75.7%
Rock You Like A Bob Dylan
Rock You Like A Hurricane - The Scorpions/Hurricane - Bob Dylan
74.8%
Are You Gonna Go Frank Sinatra?
Are You Gonna Go My Way? - Lenny Kravitz/My Way - Frank Sinatra
72%
You Can Blondie Al
You Can Call Me Al - Paul Simon/Call Me - Blondie
71%
Black Sabbath Android
Paranoid Android - Radiohead/Paranoid - Black Sabbath
68.2%
Ring Of Kasabian
Ring Of Fire - Johnny Cash/Fire - Kasabian
63.6%
...Baby Daft Punk
...Baby One More Time - Britney Spears/One More Time - Daft Punk
61.7%
Sheryl Crow Is Make Love To You
All I Wanna Do Is Make Love To You - Heart/All I Wanna Do - Sheryl Crow
61.7%
U2 The Wild Side
Walk On The Wild Side - Lou Reed/Walk On - U2
60.7%
The Offspring Seen The Rain
Have You Ever Seen The Rain - Creedence Clearwater Revival/Have You Ever - The Offspring
58.9%
I Wanna Cee Lo Green
I Wanna F**k You - Snoop Dogg & Akon/F**k You - Cee Lo Green
57%
I Was Made For Minnie Riperton
I Was Made For Lovin' You - Kiss/Lovin' You - Minnie Riperton
56.1%
Merged Song Title
Actual Song Title(s)
% Correct
Alicia Keys Knows
No One Knows - Queens Of The Stone Age/No One - Alicia Keys
53.3%
Dido For The Music
Thank You For The Music - ABBA/Thank You - Dido
49.5%
John Lee Hooker Pow
Boom Boom Pow - Black Eyed Peas/Boom Boom - John Lee Hooker
47.7%
So Kool & The Gang, So Clean
So Fresh, So Clean - OutKast/Fresh - Kool & The Gang
43%
Fight For Maroon 5
Fight For This Love - Cheryl Cole/This Love - Maroon 5
41.1%
Cha Cha Goo Goo Dolls
Cha Cha Slide - DJ Caspar/Slide - Goo Goo Dolls
33.6%
Leonard Cohen, I Love Her So
Hallelujah I Love Her So - Ray Charles/Hallelujah - Leonard Cohen
32.7%
S Club 7 Out, I'll Be There
Reach Out, I'll Be There - Four Tops/Reach - S Club 7
25.2%
Eminem Not Susan
My Name Is Not Susan - Whitney Houston/My Name Is - Eminem
25.2%
Could It Be Bruce Springsteen & The E Street Band?
Could It Be Magic? - Barry Manilow/Magic - Bruce Springsteen & The E Street Band
16.8%
Waitin' For A Black Lace
Waitin' For A Superman - Flaming Lips/Superman - Black Lace
9.3%
The Levellers Ticket
One Way Ticket - The Darkness/One Way - The Levellers
9.3%
Matisyahu In Your Life
One Day In Your Life - Michael Jackson/One Day - Matisyahu
6.5%
North American Napalm Death
North American Scum - LCD Soundsystem/Scum - Napalm Death
6.5%
You're Ultravox
You're The Voice - John Farnham/The Voice - Ultravox
1.9%
Quiz Playlist
Details
Report
Send in Message
Add To Playlist
More Info:
Either of the song titles are acceptable as answers.
Classic:
Type in answers that appear in a list
Last Updated: Feb 16, 2017
Quiz Scoreboard
CHALLENGE
Sign Up to Join the Scoreboard
Show All
Scores
Hide
Comments
May contain spoilers
Recently Published
Image Sorting: Flags VI
by Barbecue
Geography
2m
Find the 'City' Movie
by crazypaving
Movies
60s
Colored Red Africa Blitz
by spor1
Geography
45s
More to Explore
Quiz From the Vault
Featured Blog Post
14 Easter Pick-up Lines to Find Eggs With
hide this ad
You Might Also Like...
Tags
Bands Quiz
Singers Quiz
Song Quiz
group
Song List
Today's Top Quizzes in Music
Browse Music
hide this ad
Today's Top Quizzes in Singers
Browse Singers
Top Contributed Quizzes in Music
1
5X2 Blitz: Bands II
2
5X2 Blitz: The Beatles
3
Taylor Swift All Songs (2024)
4
5X2 Blitz: Billboard
5
5X2 Blitz: Billboard II
6
5X2 Blitz: Album
7
Taylor Swift Logic Puzzle II
8
5X2 Blitz: Singers
9
5X2 Blitz: Rock
10
5X2 Blitz: Lyrics
Explore More
Trending Topics
NBA
Anime
Marvel
Disney
Kpop
Harry Potter
Crossword
NFL
The Office
Song
WWE
Soccer
Pokémon
Country
Puzzle
hide this ad
More By:
salifou
Quiz
Plays
Rating
Category
Featured
Created
Was I Alive?
122,373
4.02
History
Oct 10, 2012
Sporcle UK
81,068
4.25
Miscellaneous
Sep 20, 2010
Geography Threesomes
65,884
4.63
Geography
Nov 25, 2012
Geography Threesomes II
58,236
4.61
Geography
Dec 1, 2012
Fictional Fiction
46,534
4.28
Literature
Oct 2, 2010
Go to Creator's Profile
Score Distribution
Quiz Creator Spotlight
salifou
Follow
Send a Message
Quizzes Created
-
Created Quiz Play Count
-
More By This Creator
Popular Quizzes Today
1
Colored Red Africa Blitz
2
Find the US States - No Outlines Minefield
3
Find the 'City' Movie
4
5x2 Blitz: Bands
5
The Countries of the World
6
Find the US States
7
Find the Countries of Europe - No Outlines Minefield
8
US States
More Music Quizzes
Musicians as Saints
Editor's Pick
Trending Quizzes
Colored Red Europe Blitz I
Colored Red Europe Blitz II
Colored Red Africa Blitz II
Colored Red Europe Blitz III
Colored Red Africa Blitz III
Recently Updated
How Do You Spell That?
pecheneg
Godzilla Movies
pecheneg
Grab Bag: 4-10 Letters
pecheneg
2024 March Madness Bracket
pecheneg
Famous TV Couples
Peacemaker
Champions League XIs: Real Madrid
pecheneg
Largest US Cities 1790-2010
pecheneg
Rides in Walt Disney World
pecheneg
Most Oscar Losses (Acting)
pecheneg
Beyoncé Albums
pecheneg
Trending Topics
NBA
Kpop
Marvel
Disney
Harry Potter
Anime
Crossword
Puzzle
Song
NFL
Soccer
WWE
Country
Pokémon
The Office
Your Account Isn't Verified!
In order to create a playlist on Sporcle, you need to verify the email address you used during registration. Go to your
Sporcle Settings
to finish the process.
Report this User
Report this user for behavior that violates our
Community Guidelines
.
Details:
Send Report
Go to the Sporcle.com Mobile Site →
Comments